书目信息 |
| 题名: |
智能决策支持系统
|
|
| 作者: | 黄梯云 著 | |
| 分册: | ||
| 出版信息: | 北京 电子工业出版社 2001.01 |
|
| 页数: | 250页 | |
| 开本: | 23cm | |
| 丛书名: | ||
| 单 册: | ||
| 中图分类: | TP18 | |
| 科图分类: | ||
| 主题词: | 人工智能--理论 | |
| 电子资源: | ||
| ISBN: | 7-5053-6348-4 | |
| 000 | 00551nam0 2200193 45 | |
| 001 | 0258722749 | |
| 005 | 2002112216184221 | |
| 010 | @a7-5053-6348-4@dRMB 26.00 | |
| 100 | @a20021122d2001 km y0chiy0120 ea | |
| 101 | 0 | @achi |
| 102 | @aCN@b110000 | |
| 200 | 1 | @a智能决策支持系统@Azhi neng jue ce zhi chi xi tong@f黄梯云著@Fhuang ti yun zhu |
| 210 | @a北京@c电子工业出版社@d2001.01 | |
| 215 | @a250页@d23cm | |
| 606 | 0 | @a人工智能@x理论 |
| 690 | @aTP18@v3 | |
| 701 | 0 | @a黄梯云@Ahuang ti yun@4著 |
| 801 | 0 | @aCN@bPFT@c20021122 |
| 905 | @a10447@dTP18@eH890 | |
| 智能决策支持系统/黄梯云著.-北京:电子工业出版社,2001.01 |
| 250页;23cm |
| ISBN 7-5053-6348-4:RMB 26.00 |
| ● |
| 相关链接 |
|
|
|
正题名:智能决策支持系统
索取号:TP18/H890
 
预约/预借
| 序号 | 登录号 | 条形码 | 馆藏地/架位号 | 状态 | 备注 |
| 1 | 361195 | 203611957 | 自科库301/301自科库 101排9列1层/ [索取号:TP18/H890] | 在馆 | |
| 2 | 361196 | 203611966 | 自科库301/301自科库 101排9列1层/ [索取号:TP18/H890] | 在馆 |